000 00678nam a2200289Ia 4500
005 20260324142826.0
008 008 260324s9999 xx 000 0 eng d
020 _a9780429032653
037 _aEBOOK
040 _aCRL
040 _beng
040 _cCRL
041 _2eng
041 _aeng
084 _qCRL
100 _aHarrison M Holland
_91213377
245 0 _aJapan Challenges America
245 0 _bManaging An Alliance In Crisis
260 _bTaylor and Francis
260 _c1993
365 _a
365 _b195
856 _uhttp://www.taylorfrancis.com/books/9780429032653
942 _cEBOOK
999 _c1818031
_d1818031